[Event "GER-chT Lands U20"]
[Site "Wuerzburg"]
[Date "2019.10.05"]
[Round "6.8"]
[White "Schallner, Marc"]
[Black "Ratay, Meike"]
[Result "1-0"]
[WhiteElo "2041"]
[BlackElo "2032"]
[PlyCount "57"]
[EventDate "2019.10.01"]
[EventType "team-swiss"]
[EventRounds "7"]
[EventCountry "GER"]
[SourceTitle "EXT 2020"]
[Source "ChessBase"]
[SourceDate "2019.10.17"]
[SourceVersion "1"]
[SourceVersionDate "2019.10.17"]
[SourceQuality "1"]
[WhiteTeam "South Team"]
[BlackTeam "Thueringen"]
[WhiteTeamCountry "GER"]
[BlackTeamCountry "GER"]

1. e4 c5 2. Nf3 d6 3. d4 Nf6 4. Nc3 cxd4 5. Nxd4 a6 6. Be3 e5 7. Nf3 Be7 8. Bc4 0-0 9. 0-0 Be6 10. Bxe6 fxe6 11. Na4 b5 12. Nb6 Ra7 13. Ng5 Qe8 14. Nxe6 Rf7 15. Nd5 Rd7 16. Nec7 Qc8 17. Nxf6+ Bxf6 18. Nd5 Qb7 19. a4 b4 20. c3 Nc6 21. Qd2 bxc3 22. bxc3 Bd8 23. Rab1 Qc8 24. Qd3 Ne7 25. Nb6 Bxb6 26. Rxb6 d5 27. Qxa6 Qxc3 28. Rb8+ Rf8 29. Qe6+ 1-0

[Event "GER-ch U25-A"]
[Site "Willingen"]
[Date "2018.05.20"]
[Round "2"]
[White "Hoffmann, Fabian"]
[Black "Schallner, Marc"]
[Result "1/2-1/2"]
[WhiteElo "1842"]
[BlackElo "2010"]
[PlyCount "46"]
[EventDate "2018.05.19"]
[EventType "swiss"]
[EventRounds "9"]
[EventCountry "GER"]
[SourceTitle "CBM 184 Extra"]
[Source "ChessBase"]
[SourceDate "2018.06.28"]
[SourceVersion "1"]
[SourceVersionDate "2018.06.28"]
[SourceQuality "1"]

1. e4 e5 2. Nf3 Nc6 3. Bc4 Bc5 4. c3 Nf6 5. d4 exd4 6. cxd4 Bb4+ 7. Bd2 Bxd2+ 8. Nbxd2 d5 9. exd5 Nxd5 10. 0-0 0-0 11. Rc1 Bg4 12. h3 Bh5 13. Qb3 Nb6 14. Qc3 Nd5 15. Qa3 Nce7 16. Rfe1 c6 17. Ne5 Re8 18. Ne4 Qc7 19. Qb3 Rad8 20. g4 Bg6 21. Qg3 Bxe4 22. Rxe4 f6 23. Nd3 Qxg3+ 1/2-1/2

[Event "Bodensee-Cup"]
[Site "St Ingbert"]
[Date "2018.05.05"]
[Round "2"]
[White "Schallner, Marc"]
[Black "Giesinger, Elias"]
[Result "1/2-1/2"]
[WhiteElo "2032"]
[BlackElo "2131"]
[PlyCount "93"]
[EventDate "2018.08.20"]
[EventType "team-tourn"]
[EventRounds "3"]
[EventCountry "GER"]
[SourceTitle "EXT 2020"]
[Source "ChessBase"]
[SourceDate "2019.10.17"]
[SourceVersion "1"]
[SourceVersionDate "2019.10.17"]
[SourceQuality "1"]
[WhiteTeam "Wuerttemberg"]
[BlackTeam "Switzerland"]
[WhiteTeamCountry "GER"]
[BlackTeamCountry "SUI"]

1. e4 c5 2. Nf3 e6 3. c3 d5 4. exd5 Qxd5 5. d4 Nf6 6. Na3 cxd4 7. Nb5 Na6 8. Qxd4 Bc5 9. Qxd5 Nxd5 10. Bc4 Nb6 11. Bb3 Bd7 12. Nbd4 0-0 13. 0-0 Nc7 14. Bf4 Ncd5 15. Bg3 a6 16. Rad1 Rfd8 17. Ng5 Be7 18. Ne4 Rac8 19. Nd6 Bxd6 20. Bxd6 Nc4 21. Bxc4 Rxc4 22. Bg3 Rcc8 23. Rfe1 Be8 24. Nf3 b5 25. a3 h6 26. h3 Rd7 27. Ne5 Rb7 28. Nd3 a5 29. Rc1 Rb6 30. Nf4 Nf6 31. f3 g5 32. Nd3 Nd5 33. Bf2 Rbc6 34. Ne5 R6c7 35. Nd3 Bd7 36. Bg3 Rb7 37. Bf2 Be8 38. Bd4 Rd7 39. Ne5 Rdc7 40. Nd3 Kh7 41. Kh2 Kg8 42. Kg3 Kh7 43. Kh2 Rd8 44. Nc5 Rdc8 45. Nd3 Bc6 46. Bc5 Rd7 47. Ne5 1/2-1/2

[Event "Staufer op-A 30th"]
[Site "Schwaebisch Gmuend"]
[Date "2018.01.02"]
[Round "2"]
[White "Schallner, Marc"]
[Black "Buckels, Valentin"]
[Result "0-1"]
[WhiteElo "2047"]
[BlackElo "2332"]
[PlyCount "84"]
[EventDate "2018.01.02"]
[EventType "swiss"]
[EventRounds "9"]
[EventCountry "GER"]
[SourceTitle "CBM 182 Extra"]
[Source "ChessBase"]
[SourceDate "2018.02.23"]
[SourceVersion "1"]
[SourceVersionDate "2018.02.23"]
[SourceQuality "1"]

1. e4 e5 2. Nf3 Nc6 3. Bc4 Bc5 4. c3 Nf6 5. d3 d6 6. 0-0 h6 7. Nbd2 0-0 8. h3 a5 9. Bb3 Be6 10. Re1 Re8 11. Ba4 Bd7 12. Nf1 Rb8 13. Ng3 Ba7 14. Be3 Bxe3 15. fxe3 b5 16. Bc2 Ne7 17. Nh4 g5 18. Nhf5 Nxf5 19. exf5 e4 20. Nxe4 Nxe4 21. dxe4 Bc6 22. Qh5 Qf6 23. Qg4 b4 24. cxb4 Qxb2 25. Rac1 Rxb4 26. Qh5 Qg7 27. Bb3 Bxe4 28. Rxc7 d5 29. f6 Qf8 30. Rec1 a4 31. Bc2 Bxc2 32. R1xc2 Rb1+ 33. Kf2 Rb6 34. R2c6 Rxc6 35. Rxc6 Qa3 36. e4 Qxa2+ 37. Kg3 Qd2 38. Kh2 Qf4+ 39. Kh1 Qf1+ 40. Kh2 Qf4+ 41. Kh1 Qf1+ 42. Kh2 Rb8 0-1

[Event "Staufer op 29th"]
[Site "Schwaebisch Gmuend"]
[Date "2017.01.04"]
[Round "6"]
[White "Polacik, Igor"]
[Black "Schallner, Marc"]
[Result "1/2-1/2"]
[WhiteElo "2199"]
[BlackElo "2007"]
[PlyCount "40"]
[EventDate "2017.01.02"]
[EventType "swiss"]
[EventRounds "9"]
[EventCountry "GER"]
[SourceTitle "CBM 176 Extra"]
[Source "ChessBase"]
[SourceDate "2017.03.02"]
[SourceVersion "1"]
[SourceVersionDate "2017.03.02"]
[SourceQuality "1"]

1. Nf3 d5 2. g3 Nf6 3. Bg2 g6 4. 0-0 Bg7 5. d4 0-0 6. Nbd2 Bf5 7. c4 c6 8. b3 Ne4 9. Bb2 e6 10. e3 Nd7 11. h3 Nxd2 12. Nxd2 Bd3 13. Re1 Nf6 14. Rc1 h5 15. Nb1 Bxb1 16. Rxb1 Ne4 17. h4 f5 18. Qe2 Qd6 19. Red1 Rac8 20. Rbc1 Kh7 1/2-1/2

[Event "Stuttgart-chA int"]
[Site "Ditzingen"]
[Date "2016.05.06"]
[Round "4"]
[White "Schallner, Marc"]
[Black "Braun, Joachim"]
[Result "0-1"]
[WhiteElo "1975"]
[BlackElo "2165"]
[PlyCount "84"]
[EventDate "2016.05.05"]
[EventType "swiss"]
[EventRounds "7"]
[EventCountry "GER"]
[SourceTitle "EXT 2018"]
[Source "ChessBase"]
[SourceDate "2017.10.13"]
[SourceVersion "1"]
[SourceVersionDate "2017.10.13"]
[SourceQuality "1"]

1. e4 c5 2. Nf3 e6 3. d4 cxd4 4. Nxd4 Nc6 5. Nc3 Qc7 6. Nxc6 bxc6 7. Bd3 Nf6 8. 0-0 Be7 9. Qe2 d6 10. f4 Nd7 11. b3 Bf6 12. Bb2 0-0 13. Na4 Bxb2 14. Nxb2 e5 15. fxe5 Nxe5 16. Nc4 Re8 17. Qd2 a5 18. a4 Qa7+ 19. Kh1 Qd4 20. Rad1 Bg4 21. Nxe5 Qxe5 22. Rde1 Be6 23. Rf3 h6 24. Rg3 Kh8 25. Rge3 Rab8 26. Qf2 Rb4 27. Qg3 Qxg3 28. Rxg3 Kg8 29. Kg1 Bd7 30. Rge3 Re5 31. Bc4 Kf8 32. Kf2 Ke7 33. Rg3 g6 34. h3 Rc5 35. Re2 Rbxc4 36. bxc4 Rxc4 37. Ra3 c5 38. c3 Bxa4 39. Rea2 Bc6 40. Rxa5 Rxc3 41. Re2 Rc4 42. Kf3 f5 0-1

[Event "Stuttgart-chA int"]
[Site "Ditzingen"]
[Date "2016.05.05"]
[Round "1"]
[White "Schallner, Marc"]
[Black "Dudek, Richard"]
[Result "1/2-1/2"]
[WhiteElo "1975"]
[BlackElo "2230"]
[PlyCount "43"]
[EventDate "2016.05.05"]
[EventType "swiss"]
[EventRounds "7"]
[EventCountry "GER"]
[SourceTitle "EXT 2018"]
[Source "ChessBase"]
[SourceDate "2017.10.13"]
[SourceVersion "1"]
[SourceVersionDate "2017.10.13"]
[SourceQuality "1"]

1. e4 c6 2. d4 d5 3. Nd2 dxe4 4. Nxe4 Nd7 5. Bc4 Ngf6 6. Ng3 e6 7. Nf3 Be7 8. 0-0 0-0 9. Re1 c5 10. c3 Nb6 11. Bd3 cxd4 12. Nxd4 Nbd5 13. Bc2 Bd7 14. Qd3 Qc7 15. Nh5 g6 16. Nxf6+ Bxf6 17. Bh6 Rfd8 18. Bb3 Bc6 19. Nxc6 Qxc6 20. Qf3 b5 21. Bxd5 exd5 22. Rad1 1/2-1/2

[Event "GER-chT Lands U20"]
[Site "Hannover"]
[Date "2014.10.05"]
[Round "5.7"]
[White "Schallner, Marc"]
[Black "Reinecke, Katharina"]
[Result "1/2-1/2"]
[WhiteElo "1660"]
[BlackElo "1647"]
[PlyCount "96"]
[EventDate "2014.10.03"]
[EventType "team-swiss"]
[EventRounds "7"]
[EventCountry "GER"]
[SourceTitle "CBM 162 Extra"]
[Source "ChessBase"]
[SourceDate "2014.10.17"]
[SourceVersion "1"]
[SourceVersionDate "2014.10.17"]
[SourceQuality "1"]
[WhiteTeam "Wuerttemberg"]
[BlackTeam "Hessen II"]
[WhiteTeamCountry "GER"]
[BlackTeamCountry "GER"]

1. e4 c6 2. Nc3 d5 3. Nf3 Bg4 4. h3 Bxf3 5. Qxf3 e6 6. exd5 cxd5 7. Be2 Nc6 8. Bb5 Nf6 9. d3 Be7 10. 0-0 0-0 11. Bxc6 bxc6 12. b3 Rb8 13. Bb2 Qc7 14. Rfe1 Rb7 15. Nd1 Nd7 16. Ne3 Bf6 17. Bxf6 Nxf6 18. Ng4 Nxg4 19. Qxg4 Qe7 20. Qa4 Rc8 21. Rad1 Qb4 22. Qxb4 Rxb4 23. a3 Rb6 24. f4 Re8 25. d4 Kf8 26. Rd3 Rb7 27. Rde3 Rbe7 28. g4 g6 29. g5 Kg7 30. Kg2 Rc7 31. Rc3 Rb8 32. a4 Rb4 33. Rd1 h6 34. h4 h5 35. Kf3 Kf8 36. Ke3 Ke7 37. Rc5 Kd6 38. Rd3 Kd7 39. Rdc3 Kd6 40. Ra5 Kd7 41. Rcc5 Rb6 42. Kd3 Kc8 43. Kc3 Kb7 44. b4 Ra6 45. Kb3 Rxa5 46. Rxa5 f6 47. b5 fxg5 48. bxc6+ Rxc6 1/2-1/2

[Event "GER-chT Lands U20"]
[Site "Hannover"]
[Date "2014.10.04"]
[Round "3.7"]
[White "Schallner, Marc"]
[Black "Caliebe, Nanke"]
[Result "1-0"]
[WhiteElo "1660"]
[BlackElo "1446"]
[PlyCount "84"]
[EventDate "2014.10.03"]
[EventType "team-swiss"]
[EventRounds "7"]
[EventCountry "GER"]
[SourceTitle "CBM 162 Extra"]
[Source "ChessBase"]
[SourceDate "2014.10.17"]
[SourceVersion "1"]
[SourceVersionDate "2014.10.17"]
[SourceQuality "1"]
[WhiteTeam "Wuerttemberg"]
[BlackTeam "Team Nord"]
[WhiteTeamCountry "GER"]
[BlackTeamCountry "GER"]

1. e4 c5 2. Nf3 e6 3. c4 Nc6 4. d4 cxd4 5. Nxd4 a6 6. Nc3 Bb4 7. Be2 d6 8. Be3 Nf6 9. f3 0-0 10. 0-0 Bxc3 11. bxc3 Qc7 12. Nxc6 Qxc6 13. Rb1 Rb8 14. Rb6 Qc7 15. Qxd6 Qxd6 16. Rxd6 Bd7 17. e5 Bc6 18. exf6 gxf6 19. Bb6 Kg7 20. Rfd1 Rbe8 21. Bd3 Rc8 22. Kf2 Rfe8 23. Kg3 h6 24. Kh4 f5 25. Be2 Kg6 26. Rd8 f6 27. Rxc8 Rxc8 28. Rd8 Rxd8 29. Bxd8 e5 30. Bb6 f4 31. Bd1 Bd7 32. Bc2+ f5 33. g4 fxg3 34. Kxg3 Bc6 35. Be3 Bd7 36. Kf2 Kh5 37. Bc5 Kg5 38. Be7+ Kg6 39. Ke3 Be6 40. Bb3 Kf7 41. Bd6 Kf6 42. c5 Bd7 1-0

[Event "GER-chT Lands U20"]
[Site "Hannover"]
[Date "2014.10.03"]
[Round "1.7"]
[White "Schallner, Marc"]
[Black "Joers, Pia Milena"]
[Result "0-1"]
[WhiteElo "1660"]
[BlackElo "1222"]
[PlyCount "92"]
[EventDate "2014.10.03"]
[EventType "team-swiss"]
[EventRounds "7"]
[EventCountry "GER"]
[SourceTitle "CBM 162 Extra"]
[Source "ChessBase"]
[SourceDate "2014.10.17"]
[SourceVersion "1"]
[SourceVersionDate "2014.10.17"]
[SourceQuality "1"]
[WhiteTeam "Wuerttemberg"]
[BlackTeam "Mecklenburg Vorpommern"]
[WhiteTeamCountry "GER"]
[BlackTeamCountry "GER"]

1. e4 e5 2. Nf3 Nc6 3. Bc4 Bc5 4. c3 Nf6 5. d4 exd4 6. cxd4 Bb4+ 7. Bd2 Bxd2+ 8. Nbxd2 d5 9. exd5 Nxd5 10. 0-0 0-0 11. Ne4 Bg4 12. h3 Bxf3 13. Qxf3 Nxd4 14. Qg3 b5 15. Rad1 Nf6 16. Bxb5 Nxe4 17. Qe5 c5 18. Qxe4 Qb6 19. Bd3 g6 20. b3 Qa5 21. Bb1 Rfe8 22. Qd5 Ne2+ 23. Kh1 Nc3 24. Qf3 Nxd1 25. Rxd1 Re1+ 26. Rxe1 Qxe1+ 27. Kh2 Rd8 28. Bd3 Qe5+ 29. Kg1 Qd5 30. Qxd5 Rxd5 31. Bc4 Rd1+ 32. Kh2 Rd2 33. a4 Rxf2 34. Kg3 Rf6 35. Kg4 Kg7 36. g3 h5+ 37. Kh4 Kh6 38. g4 g5+ 39. Kg3 h4+ 40. Kg2 Rf4 41. Bd5 Kg7 42. Bc4 Kf6 43. Be2 Ke5 44. Bf3 Kd4 45. Kf2 Kc3 46. Ke3 Kxb3 0-1

[Event "Karl Mala Memorial op-A 17th"]
[Site "Frankfurt"]
[Date "2014.08.03"]
[Round "6"]
[White "Faulstich, Kurt"]
[Black "Schallner, Marc"]
[Result "1/2-1/2"]
[WhiteElo "1830"]
[BlackElo "1650"]
[PlyCount "63"]
[EventDate "2014.07.31"]
[EventType "swiss"]
[EventRounds "7"]
[EventCountry "GER"]
[SourceTitle "EXT 2015"]
[Source "ChessBase"]
[SourceDate "2014.11.20"]
[SourceVersion "1"]
[SourceVersionDate "2014.11.20"]
[SourceQuality "1"]

1. d4 d5 2. c4 c6 3. Nc3 Nf6 4. Nf3 dxc4 5. e3 b5 6. a4 Nd5 7. axb5 Nxc3 8. bxc3 cxb5 9. Ne5 Bb7 10. Nxf7 Kxf7 11. Qh5+ g6 12. Qxb5 Bd5 13. Bxc4 Bxc4 14. Qxc4+ e6 15. e4 Bd6 16. e5 Be7 17. Qd3 Kg7 18. Qh3 Qd5 19. Bh6+ Kg8 20. 0-0 Bf8 21. Bg5 Nd7 22. Rfe1 h6 23. Bd2 Kh7 24. Re3 Bg7 25. Rd3 Rab8 26. Bc1 Qe4 27. Re3 Qc2 28. Ba3 Rb1+ 29. Re1 Rxe1+ 30. Rxe1 Qf5 31. Qe3 Nb6 32. Bc5 1/2-1/2

[Event "GER-ch U12"]
[Site "Magdeburg"]
[Date "2014.06.09"]
[Round "3"]
[White "Schallner, Marc"]
[Black "Wenzel, Calvin"]
[Result "1-0"]
[WhiteElo "1668"]
[BlackElo "1432"]
[PlyCount "117"]
[EventDate "2014.06.08"]
[EventType "swiss"]
[EventRounds "11"]
[EventCountry "GER"]
[SourceTitle "CBM 160 Extra"]
[Source "ChessBase"]
[SourceDate "2014.07.01"]
[SourceVersion "1"]
[SourceVersionDate "2014.07.01"]
[SourceQuality "1"]

1. e4 e5 2. Nf3 Nc6 3. Bc4 Bc5 4. c3 Nf6 5. d4 exd4 6. cxd4 Bb4+ 7. Bd2 Bxd2+ 8. Nbxd2 d5 9. exd5 Nxd5 10. 0-0 0-0 11. Ne4 Be6 12. Bb3 h6 13. Nc5 Qc8 14. Re1 Re8 15. Ba4 Bd7 16. Qb3 Nf6 17. Qxb7 Qxb7 18. Nxb7 Nxd4 19. Nxd4 Bxa4 20. Nc5 Bd7 21. Nxd7 Nxd7 22. Nc6 a5 23. f3 Nf6 24. Rad1 Kf8 25. Kf2 Rxe1 26. Kxe1 a4 27. Rd8+ Rxd8 28. Nxd8 Ke7 29. Nb7 Nh5 30. g3 Nf6 31. Nc5 a3 32. bxa3 Nd5 33. Kd2 Kd6 34. Ne4+ Kc6 35. Kd3 f5 36. Nc3 Nxc3 37. Kxc3 Kb5 38. Kd4 g5 39. f4 c5+ 40. Kc3 gxf4 41. gxf4 h5 42. h4 Kc6 43. Kc4 Kb6 44. a4 Ka5 45. Kxc5 Kxa4 46. Kd5 Ka3 47. Ke5 Kxa2 48. Kxf5 Kb3 49. Ke6 Kc4 50. f5 Kd4 51. f6 Ke4 52. f7 Kf4 53. f8Q+ Kg4 54. Qf6 Kh3 55. Qg5 Kh2 56. Kf5 Kh3 57. Kf4 Kh2 58. Kf3 Kh3 59. Qg3# 1-0

[Event "GER-ch U12"]
[Site "Magdeburg"]
[Date "2014.06.09"]
[Round "4"]
[White "Wachtel, Arthur"]
[Black "Schallner, Marc"]
[Result "0-1"]
[WhiteElo "1539"]
[BlackElo "1668"]
[PlyCount "116"]
[EventDate "2014.06.08"]
[EventType "swiss"]
[EventRounds "11"]
[EventCountry "GER"]
[SourceTitle "CBM 160 Extra"]
[Source "ChessBase"]
[SourceDate "2014.07.01"]
[SourceVersion "1"]
[SourceVersionDate "2014.07.01"]
[SourceQuality "1"]

1. e4 e5 2. Nf3 Nc6 3. Bc4 Bc5 4. c3 Nf6 5. d3 d6 6. Bb3 a6 7. Nbd2 0-0 8. h3 Ba7 9. Nf1 h6 10. Ng3 Be6 11. 0-0 Re8 12. Re1 d5 13. Qe2 d4 14. Nh4 Bc5 15. Nhf5 Bf8 16. Qf3 Kh7 17. Qe2 g6 18. Nh4 Bg7 19. Nf3 Qd7 20. Kh2 Rad8 21. Bxe6 Rxe6 22. c4 Qe7 23. Bd2 Nb4 24. Bxb4 Qxb4 25. Qd2 Qxd2 26. Nxd2 Nd7 27. b4 b6 28. a3 Bf8 29. Rab1 Ra8 30. a4 a5 31. Red1 Bxb4 32. Nb3 Rb8 33. Rf1 Kg7 34. f4 Rd6 35. f5 Nc5 36. Nxc5 bxc5 37. Kg1 Rdb6 38. Ne2 Bd2 39. Rb5 Rxb5 40. cxb5 Rb6 41. fxg6 fxg6 42. Nc1 Rf6 43. Rxf6 Kxf6 44. Nb3 Bb4 45. Kf2 h5 46. g3 Kg5 47. Kf3 Kh6 48. h4 Kg7 49. Ke2 Kf7 50. Kf2 Ke7 51. Ke2 Kd6 52. Na1 c4 53. dxc4 Kc5 54. Kd3 Be1 55. Nb3+ Kb4 56. c5 Kxb3 57. b6 cxb6 58. cxb6 Bb4 0-1